National Anthem of the German Empire - Heil dir im Siegerkranz - Statistics

General Stats
  • This quiz has been taken 17 times
  • The average score is 18 of 27
Answer Stats
Lyric % Correct
dir
100%
dir!
100%
dir!
100%
Heil
100%
Heil,
100%
Heil
100%
im
100%
Siegerkranz,
100%
Kaiser,
91%
Kaiser,
91%
des
64%
des
64%
des
64%
Herrscher
64%
Vaterlands!
64%
Glanz
55%
Die
45%
ganz,
45%
hohe
45%
Thrones
45%
Wonne
45%
Fühl
36%
in
36%
Liebling
36%
sein!
36%
Volks
36%
zu
36%
No matching quizzes found
Score Distribution
Percent of People with Each Score
Percentile by Number Answered
Your Score History
You have not taken this quiz